000 00263nam a2200109Ia 4500
008 231129s1974||||xx |||||||||||||| ||spa||
082 _a986.132 P649e
245 0 _aEmpresas Públicas de Pereira
260 _c1974
264 _aPereira : Stella
942 _2ddc
_cBKS
999 _c12827
_d12827